| 000 | 00673nam a22002177a 4500 | ||
|---|---|---|---|
| 999 |
_c17038 _d17038 |
||
| 003 | AR-CdUCM | ||
| 008 | 190507b ||||| |||| 00| 0 spa d | ||
| 040 |
_aMUNICIPALIDAD PROVINCIAL DEL CUSCO _cBIBLIOTECA MUNICIPAL DEL CUSCO |
||
| 082 |
_a598.91 / _bC35 |
||
| 100 |
_aCastro Paja , Cesario _936853 |
||
| 245 | _aEl aguila desconocido / | ||
| 260 |
_aLima : _bBiblioteca nacional del perĂº, _bImpresiones Max, _c2010. |
||
| 300 |
_a111 paginas ; _c15 cm. |
||
| 500 | _aHistoria, Cuentos y literatura | ||
| 650 |
_aHistoria _9136 |
||
| 650 |
_aCuentos _9217 |
||
| 650 |
_aLiteratura _983 |
||
| 650 |
_aAguila _936854 |
||
| 942 |
_2ddc _cLIBROS |
||
| 945 |
_apjha _d2019-05-07 |
||